000 00487nam a22001817a 4500
005 20260330105508.0
008 260330b |||||||| |||| 00| 0 eng d
020 _a978-81-203-3783-1
100 _aKULKARNI, D. M.
245 _aENGINEERING GRAPHICS WITH OUTOCAD
250 _aREVISE ED
260 _aDELHI
_bPHI LEARNING PRIVATE
300 _aXI, 326P.
500 _aINCLUDES INDEX
650 _a1. AUTOCAD 2. ENGINEERING GRAPHICS
700 _aRASTOGI, A.P.
942 _2lcc
_cBK
999 _c216891
_d216891